000 00359nam a22001457a 4500
003 OSt
005 20160727222347.0
008 160621b xxu||||| |||| 00| 0 eng d
040 _cTEST
100 _9283
_a Van Fleet, J, K
245 _aLife Time Conversation Guide
260 _aN.D
_b Prentice
_c1984
300 _aLife Time Conversation Guide
942 _2ddc
_cBK
999 _c230
_d230